000 00335nam a2200121Ia 4500
008 241028s9999 xx 000 0 und d
041 _aeng
082 _a358.4162 FAN
100 _aFan Di
245 _aManaging Globalized, Deglobalized And Reglobalized Supply Chains
260 _bSpringer
_aSwitzerland
_c2023
300 _a59;. p. 23 cm
999 _c42889
_d42889